<?xml version="1.0" encoding="UTF-8"?><?xml-stylesheet type="text/xsl" href="static/style.xsl"?><OAI-PMH xmlns="http://www.openarchives.org/OAI/2.0/" xmlns:xsi="http://www.w3.org/2001/XMLSchema-instance" xsi:schemaLocation="http://www.openarchives.org/OAI/2.0/ http://www.openarchives.org/OAI/2.0/OAI-PMH.xsd"><responseDate>2026-06-01T12:30:57Z</responseDate><request verb="GetRecord" identifier="oai:riuma.uma.es:10630/29621" metadataPrefix="marc">https://riuma.uma.es/rest/oai/request</request><GetRecord><record><header><identifier>oai:riuma.uma.es:10630/29621</identifier><datestamp>2026-02-03T11:02:36Z</datestamp><setSpec>com_10630_2254</setSpec><setSpec>col_10630_37953</setSpec></header><metadata><record xmlns="http://www.loc.gov/MARC21/slim" xmlns:dcterms="http://purl.org/dc/terms/" xmlns:doc="http://www.lyncode.com/xoai" xmlns:xsi="http://www.w3.org/2001/XMLSchema-instance" xsi:schemaLocation="http://www.loc.gov/MARC21/slim http://www.loc.gov/standards/marcxml/schema/MARC21slim.xsd">
   <leader>00925njm 22002777a 4500</leader>
   <datafield ind2=" " ind1=" " tag="042">
      <subfield code="a">dc</subfield>
   </datafield>
   <datafield ind2=" " ind1=" " tag="720">
      <subfield code="a">Millán Vázquez-de-la-Torre, Genoveva</subfield>
      <subfield code="e">author</subfield>
   </datafield>
   <datafield ind2=" " ind1=" " tag="720">
      <subfield code="a">Sánchez-Ollero, José Luis</subfield>
      <subfield code="e">author</subfield>
   </datafield>
   <datafield ind2=" " ind1=" " tag="720">
      <subfield code="a">Dancausa Millán, Genoveva</subfield>
      <subfield code="e">author</subfield>
   </datafield>
   <datafield ind2=" " ind1=" " tag="260">
      <subfield code="c">2022-07</subfield>
   </datafield>
   <datafield ind2=" " ind1=" " tag="520">
      <subfield code="a">Iberian ham is a food product of great quality endorsed by Protected Denominations of Origin, which is beginning to be marketed as a tourist product, and visits to pastures, ham dryers, etc., are becoming tourist attractions in the rural areas of Andalusia. In this research, a factor analysis with VARIMAX rotation is carried out to determine the factors that inﬂuence the development of ham tourism. Five components are determined, of which the supply factor is one of the most important.&#xd;
Pull factors are highlighted as the local gastronomy and heritage, among others, and push factors include visiting dryers, pastures, and ham museums. Based on these results and the descriptive analysis of the proﬁle of the ham tourist, it is found that the ham tourist is very satisﬁed with the visit made, and that the tourist would repeat the experience. However, it is observed that it is necessary to create routes combined with other better known gastronomic products, such as wine, and carry out marketing campaigns to publicize this tourist product in the national and international market, because at present it is local tourists who perform this type of tourism.</subfield>
   </datafield>
   <datafield ind1="8" ind2=" " tag="024">
      <subfield code="a">Millán Vázquez de la Torre, M.G.; Sánchez-Ollero, J.L.; Dancausa Millán, M.G. Ham Tourism in Andalusia: An Untapped Opportunity in the Rural Environment. Foods 2022, 11, 2277. https://doi.org/10.3390/foods11152277</subfield>
   </datafield>
   <datafield ind1="8" ind2=" " tag="024">
      <subfield code="a">https://hdl.handle.net/10630/29621</subfield>
   </datafield>
   <datafield ind1="8" ind2=" " tag="024">
      <subfield code="a">10.3390/foods11152277</subfield>
   </datafield>
   <datafield tag="653" ind2=" " ind1=" ">
      <subfield code="a">Turismo - Andalucía</subfield>
   </datafield>
   <datafield ind2="0" ind1="0" tag="245">
      <subfield code="a">Ham Tourism in Andalusia: An Untapped Opportunity in the Rural Environment</subfield>
   </datafield>
</record>
</metadata></record></GetRecord></OAI-PMH>